[Event "New Delhi Parsvnath blitz op 18th"]
[Site "New Delhi"]
[Date "2020.01.14"]
[Round "4"]
[White "Neelash, Saha"]
[Black "Sharma, Avinash"]
[Result "1-0"]
[WhiteElo "2356"]
[BlackElo "1692"]
[PlyCount "67"]
[EventDate "2020.01.14"]
[EventType "swiss (blitz)"]
[EventRounds "9"]
[EventCountry "IND"]
[SourceTitle "CBM 194 Extra"]
[Source "ChessBase"]
[SourceDate "2020.03.31"]
[SourceVersion "1"]
[SourceVersionDate "2020.03.31"]
[SourceQuality "1"]

1. d4 Nf6 2. Bg5 Ne4 3. Bf4 g5 4. Bc1 h6 5. f3 Nf6 6. e4 Bg7 7. Be3 d6 8. Nd2 Nc6 9. c3 e5 10. d5 Ne7 11. Bd3 Ng6 12. g3 0-0 13. Ne2 Bh3 14. c4 Nh5 15. Nc3 a6 16. Qc2 Qd7 17. 0-0-0 g4 18. fxg4 Bxg4 19. Rdf1 Bh3 20. Rf5 Bxf5 21. exf5 Ne7 22. g4 Nf4 23. Nde4 Nxd3+ 24. Qxd3 f6 25. Rg1 b5 26. Rg3 bxc4 27. Qxc4 Kh7 28. Rh3 Nxf5 29. gxf5 Qxf5 30. Rg3 h5 31. Qxc7 Rg8 32. Qf7 Rac8 33. Ng5+ Kh8 34. Qxh5+ 1-0